[Event "FRA-ch U20"]
[Site "Agen"]
[Date "2023.04.29"]
[Round "8"]
[White "Calvo, Dylan"]
[Black "Defromont, Benjamin"]
[Result "0-1"]
[WhiteElo "2082"]
[BlackElo "2289"]
[PlyCount "110"]
[EventDate "2023.04.23"]
[EventType "swiss"]
[EventRounds "9"]
[EventCountry "FRA"]
[SourceTitle "CBM 213 Extra"]
[Source "ChessBase"]
[SourceDate "2023.05.31"]
[SourceVersion "1"]
[SourceVersionDate "2023.05.31"]
[SourceQuality "1"]

1. d4 Nf6 2. Nf3 c5 3. e3 e6 4. Bd3 b6 5. 0-0 Bb7 6. b3 Be7 7. Bb2 0-0 8. Nbd2 d6 9. c4 cxd4 10. exd4 Nbd7 11. Rc1 Re8 12. Bb1 Bf8 13. Re1 Rc8 14. b4 Qc7 15. Qb3 Qb8 16. Re2 g6 17. Rce1 Bg7 18. Ng5 h6 19. Nh3 Nf8 20. f4 N8d7 21. Nf2 d5 22. cxd5 Bxd5 23. Qe3 Qb7 24. Nfe4 Nxe4 25. Nxe4 Qb8 26. Nc3 Nf6 27. h3 Ba8 28. Qe5 Nh5 29. Qxb8 Bxd4+ 30. Kh2 Rxb8 31. g3 Rbc8 32. Nb5 Bxb2 33. Rxb2 Re7 34. Rc2 Rxc2+ 35. Bxc2 a6 36. Na3 Rc7 37. Bb3 Rc3 38. b5 axb5 39. Nxb5 Rxg3 40. Re2 Rxh3+ 41. Kxh3 Nxf4+ 42. Kg4 Nxe2 43. Nd6 Bd5 44. Bxd5 exd5 45. Nc8 b5 46. Ne7+ Kg7 47. Nxd5 f5+ 48. Kf3 Nd4+ 49. Ke3 Nc6 50. a3 g5 51. Nc7 b4 52. a4 h5 53. Ne8+ Kg6 54. Nd6 h4 55. Nc4 b3 0-1

[Event "Montagne Rapid op 3rd"]
[Site "Montagne"]
[Date "2022.08.28"]
[Round "3"]
[White "Kirk, Ezra"]
[Black "Calvo, Dylan"]
[Result "1-0"]
[WhiteElo "2442"]
[BlackElo "2054"]
[PlyCount "149"]
[EventDate "2022.08.28"]
[EventType "swiss (rapid)"]
[EventRounds "9"]
[EventCountry "FRA"]
[SourceTitle "CBM 210 Extra"]
[Source "ChessBase"]
[SourceDate "2022.11.30"]
[SourceVersion "1"]
[SourceVersionDate "2022.11.30"]
[SourceQuality "1"]

1. e4 c5 2. Nf3 Nc6 3. Bb5 g6 4. Bxc6 dxc6 5. d3 Bg7 6. h3 Nf6 7. Nc3 0-0 8. Be3 b6 9. Qd2 e5 10. 0-0 Qd6 11. Bh6 Ne8 12. Bxg7 Kxg7 13. Rfe1 Nc7 14. a4 a5 15. Qe3 Ne6 16. Nd2 Ba6 17. Ne2 Nd4 18. Nxd4 cxd4 19. Qe2 Rae8 20. b3 f5 21. exf5 gxf5 22. Qh5 Re6 23. Nc4 Qc7 24. f3 c5 25. Re2 Qd8 26. h4 Bxc4 27. bxc4 Rh6 28. Qg5+ Qxg5 29. hxg5 Re6 30. Rae1 Rfe8 31. g4 f4 32. Kf2 Kg6 33. Rh1 Kxg5 34. Rh5+ Kg6 35. Ke1 R8e7 36. Kd2 Kg7 37. Reh2 Kg8 38. Rh1 Rg6 39. Rf5 Rge6 40. Rfh5 Rg6 41. Rb1 Kg7 42. Rhh1 Ree6 43. Rbg1 Rh6 44. Ke2 Rxh1 45. Rxh1 Rh6 46. Re1 Rh2+ 47. Kd1 Rf2 48. Rxe5 Rxf3 49. Re6 Rf1+ 50. Ke2 Rc1 51. Kf3 Rxc2 52. Rxb6 Rd2 53. Kxf4 Rxd3 54. Rc6 Ra3 55. Rc7+ Kg6 56. Rc6+ Kg7 57. Rxc5 Rxa4 58. Kf5 Ra1 59. Rc7+ Kg8 60. Rd7 Rd1 61. Ke4 Rg1 62. Kf4 Rf1+ 63. Ke4 Rg1 64. Kxd4 Rxg4+ 65. Kd5 h5 66. c5 Rg1 67. c6 Rd1+ 68. Ke5 Re1+ 69. Kf6 h4 70. c7 Rf1+ 71. Kg6 Rg1+ 72. Kf5 Rf1+ 73. Kg4 Rg1+ 74. Kxh4 Rc1 75. Rd8+ 1-0

[Event "Montagne Rapid op 2nd"]
[Site "Montagne"]
[Date "2021.08.22"]
[Round "5"]
[White "Fantinel, Thibault"]
[Black "Calvo, Dylan"]
[Result "1-0"]
[WhiteElo "2376"]
[BlackElo "2036"]
[PlyCount "22"]
[EventDate "2021.08.22"]
[EventType "swiss (rapid)"]
[EventRounds "9"]
[EventCountry "FRA"]
[SourceTitle "CBM 203 Extra"]
[Source "ChessBase"]
[SourceDate "2021.09.30"]
[SourceVersion "1"]
[SourceVersionDate "2021.09.30"]
[SourceQuality "1"]

1. e4 c5 2. Nf3 Nc6 3. Bb5 g6 4. 0-0 Bg7 5. Re1 Nf6 6. e5 Nd5 7. Nc3 Nc7 8. Bxc6 dxc6 9. Ne4 Ne6 10. d3 0-0 11. Be3 b6 1-0

[Event "FRA-ch Blitz Online Qual"]
[Site "Europe Echecs INT"]
[Date "2020.05.16"]
[Round "10"]
[White "Calvo, Dylan"]
[Black "Brunner, Nicolas"]
[Result "0-1"]
[WhiteElo "2018"]
[BlackElo "2428"]
[PlyCount "78"]
[EventDate "2020.05.16"]
[EventType "swiss (blitz)"]
[EventRounds "15"]
[EventCountry "FRA"]
[SourceTitle "CBM 196 Extra"]
[Source "ChessBase"]
[SourceDate "2020.07.31"]
[SourceVersion "1"]
[SourceVersionDate "2020.07.31"]
[SourceQuality "1"]

1. d4 Nf6 2. Nf3 d5 3. e3 e6 4. Bd3 c5 5. b3 Nc6 6. a3 Bd6 7. Bb2 0-0 8. 0-0 b6 9. Ne5 Bb7 10. f4 Ne7 11. Qf3 Rc8 12. Qh3 Ne4 13. c4 Ng6 14. Nc3 f5 15. Nxg6 hxg6 16. Bxe4 dxe4 17. d5 Qe7 18. Rad1 Kf7 19. Qg3 Rh8 20. Rd2 Rcd8 21. Rfd1 e5 22. fxe5 Bxe5 23. Qf2 Bxh2+ 24. Kf1 Be5 25. Ke2 Qf6 26. d6 Bxc3 27. Bxc3 Qxc3 28. Qf4 Qf6 29. d7 Qe7 30. Rd6 Rh4 31. Qg3 Rg4 32. Qh3 a6 33. Qh2 b5 34. Kf2 f4 35. exf4 e3+ 36. Ke1 Rxg2 37. Qh3 Rg1+ 38. Ke2 Rxd1 39. Kxd1 Be4 0-1

[Event "FRA-ch Blitz Online Qual"]
[Site "Europe Echecs INT"]
[Date "2020.05.16"]
[Round "4"]
[White "Calvo, Dylan"]
[Black "Galhaud, Jean Philippe"]
[Result "1-0"]
[WhiteElo "2018"]
[BlackElo "1749"]
[PlyCount "71"]
[EventDate "2020.05.16"]
[EventType "swiss (blitz)"]
[EventRounds "15"]
[EventCountry "FRA"]
[SourceTitle "CBM 196 Extra"]
[Source "ChessBase"]
[SourceDate "2020.07.31"]
[SourceVersion "1"]
[SourceVersionDate "2020.07.31"]
[SourceQuality "1"]

1. d4 Nf6 2. c4 c5 3. d5 e6 4. Nc3 exd5 5. cxd5 d6 6. e4 g6 7. Nf3 Bg7 8. Be2 Bg4 9. Qb3 Bxf3 10. Bxf3 b6 11. Bf4 0-0 12. 0-0 Qe7 13. a4 Nbd7 14. Rfe1 Ne5 15. Be2 Nfd7 16. Bg3 Rac8 17. f4 c4 18. Qc2 Nd3 19. Bxd3 cxd3 20. Qxd3 Nc5 21. Qe2 Rfe8 22. e5 Nb3 23. Rad1 dxe5 24. d6 Qd7 25. fxe5 Re6 26. Nd5 Bf8 27. Nf6+ Rxf6 28. exf6 Nc5 29. Qb5 h5 30. Qxd7 Nxd7 31. Bh4 Rc6 32. Re8 Kh7 33. Rd8 Nc5 34. Rxf8 Ne6 35. Rxf7+ Kg8 36. Re7 1-0

[Event "FRA-ch Blitz Online Qual"]
[Site "Europe Echecs INT"]
[Date "2020.05.16"]
[Round "2"]
[White "Calvo, Dylan"]
[Black "Varin, Timeo"]
[Result "1-0"]
[WhiteElo "2018"]
[BlackElo "1287"]
[PlyCount "37"]
[EventDate "2020.05.16"]
[EventType "swiss (blitz)"]
[EventRounds "15"]
[EventCountry "FRA"]
[SourceTitle "CBM 196 Extra"]
[Source "ChessBase"]
[SourceDate "2020.07.31"]
[SourceVersion "1"]
[SourceVersionDate "2020.07.31"]
[SourceQuality "1"]

1. d4 d5 2. Nf3 Nf6 3. c4 e6 4. Nc3 Nbd7 5. Bg5 Be7 6. e3 0-0 7. Rc1 c6 8. Qc2 h6 9. Bh4 Bd6 10. Bd3 dxc4 11. Bxc4 b5 12. Be2 a6 13. 0-0 c5 14. Rfd1 Bb7 15. dxc5 Bxc5 16. Bxf6 gxf6 17. Ne4 Bb6 18. Rxd7 Qxd7 19. Nxf6+ 1-0

[Event "FRA-ch Blitz Online Qual"]
[Site "Europe Echecs INT"]
[Date "2020.05.16"]
[Round "3"]
[White "Milliet, Sophie"]
[Black "Calvo, Dylan"]
[Result "1-0"]
[WhiteElo "2401"]
[BlackElo "2018"]
[PlyCount "123"]
[EventDate "2020.05.16"]
[EventType "swiss (blitz)"]
[EventRounds "15"]
[EventCountry "FRA"]
[SourceTitle "CBM 196 Extra"]
[Source "ChessBase"]
[SourceDate "2020.07.31"]
[SourceVersion "1"]
[SourceVersionDate "2020.07.31"]
[SourceQuality "1"]

1. e4 c5 2. Nf3 Nc6 3. Bb5 g6 4. 0-0 Bg7 5. c3 Nf6 6. Re1 0-0 7. d4 cxd4 8. cxd4 d5 9. e5 Ne4 10. Bxc6 bxc6 11. Be3 Bf5 12. Qc1 Qb6 13. Nc3 Nxc3 14. Qxc3 Rab8 15. b3 Rfc8 16. Rec1 f6 17. exf6 Bxf6 18. Bf4 Rb7 19. Be5 Kg7 20. h3 Be4 21. Re1 Bxf3 22. Qxf3 Bxe5 23. Rxe5 Qxd4 24. Rae1 Qc5 25. Qe2 Re8 26. Re6 Rd7 27. Qe5+ Kg8 28. h4 Rf8 29. Re3 Rf5 30. Rxg6+ hxg6 31. Qe6+ Kg7 32. Qxd7 Rf7 33. Qe6 Qd4 34. Qxc6 Qd1+ 35. Kh2 Qg4 36. Qe6 Qxh4+ 37. Rh3 Qf4+ 38. Rg3 Qh4+ 39. Rh3 Qf4+ 40. Rg3 Qh4+ 41. Kg1 Qh5 42. Qe3 Qd1+ 43. Kh2 Qh5+ 44. Rh3 Qf5 45. Qh6+ Kf6 46. Rf3 Ke6 47. Rxf5 Kxf5 48. Qh3+ Kf6 49. Qf3+ Ke6 50. Qe3+ Kd6 51. Qxa7 Rf5 52. Qb6+ Ke5 53. Qxg6 e6 54. a4 d4 55. Qg3+ Ke4 56. f3+ Ke3 57. Qe1+ Kd3 58. a5 Rh5+ 59. Kg1 e5 60. a6 Kc2 61. a7 Rh8 62. Qxe5 1-0

[Event "FRA-ch Blitz Online Qual"]
[Site "Europe Echecs INT"]
[Date "2020.05.16"]
[Round "5"]
[White "Travadon, Loic"]
[Black "Calvo, Dylan"]
[Result "1-0"]
[WhiteElo "2431"]
[BlackElo "2018"]
[PlyCount "55"]
[EventDate "2020.05.16"]
[EventType "swiss (blitz)"]
[EventRounds "15"]
[EventCountry "FRA"]
[SourceTitle "CBM 196 Extra"]
[Source "ChessBase"]
[SourceDate "2020.07.31"]
[SourceVersion "1"]
[SourceVersionDate "2020.07.31"]
[SourceQuality "1"]

1. Nf3 c5 2. b3 Nc6 3. Bb2 d6 4. d4 cxd4 5. Nxd4 Nf6 6. e3 g6 7. Be2 Bg7 8. 0-0 0-0 9. c4 e5 10. Nxc6 bxc6 11. Nc3 d5 12. cxd5 cxd5 13. Na4 Qe7 14. Rc1 Rd8 15. Qc2 Bf5 16. Qc5 Qxc5 17. Nxc5 Rac8 18. Bxe5 Rxc5 19. Rxc5 Nd7 20. Bxg7 Nxc5 21. Bd4 Ne4 22. f3 Nd6 23. Rc1 Rd7 24. Rc6 Bb1 25. a4 Ba2 26. b4 Bc4 27. Bxc4 Nxc4 28. Rc8+ 1-0

[Event "Rochefort op-A 19th"]
[Site "Rochefort"]
[Date "2020.02.22"]
[Round "1"]
[White "Jolly, Jean Francois"]
[Black "Calvo, Dylan"]
[Result "1-0"]
[WhiteElo "2386"]
[BlackElo "2031"]
[PlyCount "71"]
[EventDate "2020.02.22"]
[EventType "swiss"]
[EventRounds "9"]
[EventCountry "FRA"]
[SourceTitle "CBM 195 Extra"]
[Source "ChessBase"]
[SourceDate "2020.05.31"]
[SourceVersion "1"]
[SourceVersionDate "2020.05.31"]
[SourceQuality "1"]

1. e4 c5 2. Nf3 Nc6 3. Nc3 g6 4. d4 cxd4 5. Nxd4 Bg7 6. Be3 Nf6 7. Bc4 0-0 8. Bb3 d6 9. f3 Bd7 10. Qd2 Nxd4 11. Bxd4 b5 12. h4 a5 13. h5 a4 14. Bd5 b4 15. Bxf6 exf6 16. Ne2 Rc8 17. hxg6 hxg6 18. Nd4 f5 19. 0-0-0 Qf6 20. g4 Rc5 21. gxf5 Bxf5 22. Qxb4 Rfc8 23. Kb1 a3 24. Qxa3 Rb8 25. Bb3 Bd7 26. Qa6 Bb5 27. Qa7 Rbc8 28. c3 Qf4 29. Qe7 Bxd4 30. Rxd4 Qxf3 31. Bxf7+ Qxf7 32. Rh8+ Kxh8 33. Qxf7 Rh5 34. Qxg6 Rh1+ 35. Kc2 Rf8 36. Qxd6 1-0

[Event "Montaiguillon rapid 1st"]
[Site "Montagne"]
[Date "2019.09.08"]
[Round "9"]
[White "Calvo, Dylan"]
[Black "Daulyte Cornette, Deimante"]
[Result "0-1"]
[WhiteElo "2012"]
[BlackElo "2412"]
[PlyCount "96"]
[EventDate "2019.09.08"]
[EventType "swiss (rapid)"]
[EventRounds "9"]
[EventCountry "FRA"]
[SourceTitle "EXT 2020"]
[Source "ChessBase"]
[SourceDate "2019.10.17"]
[SourceVersion "1"]
[SourceVersionDate "2019.10.17"]
[SourceQuality "1"]

1. d4 d6 2. c4 e5 3. dxe5 dxe5 4. Qxd8+ Kxd8 5. Nf3 f6 6. g3 Be6 7. b3 Nc6 8. Bg2 Nb4 9. Na3 c6 10. 0-0 Bc5 11. Bb2 Ne7 12. Nd2 Nf5 13. Ne4 Be7 14. Rfc1 Kc7 15. Nc2 a5 16. Ne1 Nd4 17. Bxd4 exd4 18. a3 Na6 19. Nd3 f5 20. Nd2 Nc5 21. Nxc5 Bxc5 22. Nf3 Rhd8 23. Ne5 Be7 24. Nd3 Ra6 25. a4 Rb6 26. Rab1 g5 27. Rd1 Bb4 28. c5 Ra6 29. Nxb4 axb4 30. Rd3 Ra5 31. Rc1 Bf7 32. f4 gxf4 33. gxf4 Bd5 34. Bxd5 Rxd5 35. Kf2 Kd7 36. Rh3 Raxc5 37. Rxh7+ Kc8 38. Rg1 Rd7 39. Rh8+ Kc7 40. Rg5 d3 41. exd3 Rxd3 42. Rg3 Rd2+ 43. Ke1 Rb2 44. Rh7+ Kb6 45. Rd7 Rc1+ 46. Rd1 Rcc2 47. h4 Rh2 48. Kf1 Rxh4 0-1

[Event "FRA-ch U12"]
[Site "Montbeliard"]
[Date "2014.04.22"]
[Round "3"]
[White "Tomasi, Albert"]
[Black "Calvo, Dylan"]
[Result "1-0"]
[WhiteElo "1826"]
[BlackElo "1567"]
[PlyCount "71"]
[EventDate "2014.04.21"]
[EventType "swiss"]
[EventRounds "9"]
[EventCountry "FRA"]
[SourceTitle "CBM 160 Extra"]
[Source "ChessBase"]
[SourceDate "2014.07.01"]
[SourceVersion "1"]
[SourceVersionDate "2014.07.01"]
[SourceQuality "1"]

1. e4 c5 2. Nc3 Nc6 3. Bb5 Nd4 4. Bc4 e6 5. Nf3 Nc6 6. 0-0 Nge7 7. Re1 g6 8. Nb5 d6 9. d4 a6 10. Nc3 cxd4 11. Nxd4 Ne5 12. Bb3 Bg7 13. Be3 0-0 14. h3 N5c6 15. Nce2 Nxd4 16. Nxd4 Nc6 17. c3 Qc7 18. Qd2 Na5 19. Bh6 Rd8 20. Bxg7 Kxg7 21. Qc2 b5 22. Rad1 Nb7 23. Qe2 Nc5 24. Bc2 e5 25. Nb3 Be6 26. Rd2 Bc4 27. Qe3 Ne6 28. Bd3 Nf4 29. Bf1 Rac8 30. g3 Bxf1 31. Kxf1 Nxh3 32. Kg2 Qd7 33. Rh1 Nxf2 34. Qh6+ Kg8 35. Qxh7+ Kf8 36. Rxf2 1-0